[Event "XII Festival Magistrale"]
[Site "Porto San Giorgio ITA"]
[Date "2000.08.23"]
[Round "4"]
[White "Bontempi, Piero"]
[Black "Orlov, Andrey"]
[Result "1/2-1/2"]
[WhiteElo "2273"]
[BlackElo "2367"]
[PlyCount "52"]
[EventDate "2000.08.20"]

1. e4 e5 2. Nf3 Nc6 3. d4 exd4 4. Nxd4 Nf6 5. Nc3 Bb4 6. Nxc6 bxc6 7. Bd3 d5 8.
exd5 cxd5 9. O-O O-O 10. Bg5 c6 11. Qf3 Be6 12. Ne2 Bg4 13. Bxf6 Bxf3 14. Bxd8
Bxe2 15. Bxe2 Rfxd8 16. Bf3 Rab8 17. c3 Be7 18. b4 Bf6 19. Rac1 a5 20. bxa5 Ra8
21. c4 Rxa5 22. Rfd1 g6 23. g3 Kg7 24. h4 h5 25. cxd5 cxd5 26. Rc7 Be5 1/2-1/2

[Event "XII Festival Magistrale"]
[Site "Porto San Giorgio ITA"]
[Date "2000.08.23"]
[Round "4"]
[White "Bratanov, Zsivko"]
[Black "Saccona, Silvano"]
[Result "1-0"]
[WhiteElo "2400"]
[BlackElo "2113"]
[PlyCount "49"]
[EventDate "2000.08.20"]

1. e4 c6 2. d4 d5 3. Nc3 dxe4 4. Nxe4 Nf6 5. Nxf6+ exf6 6. Bc4 Bd6 7. Qe2+ Qe7
8. Qxe7+ Kxe7 9. Ne2 Be6 10. Bd3 Nd7 11. Bf4 Bb8 12. O-O-O Re8 13. Bd2 a5 14.
c4 b5 15. cxb5 cxb5 16. Be4 Ra6 17. d5 Bg4 18. f3 Kf8 19. Nd4 Rxe4 20. fxe4
Bxd1 21. Rxd1 Nc5 22. Bxa5 Nxe4 23. b4 Bf4+ 24. Kc2 Nd6 25. Kb3 1-0

[Event "XII Festival Magistrale"]
[Site "Porto San Giorgio ITA"]
[Date "2000.08.23"]
[Round "4"]
[White "Efimov, Igor"]
[Black "Badea, Bela"]
[Result "1-0"]
[WhiteElo "2520"]
[BlackElo "2480"]
[PlyCount "45"]
[EventDate "2000.08.20"]

1. d4 g6 2. c4 Bg7 3. Nc3 d6 4. Nf3 Nd7 5. e4 e5 6. Be2 Nh6 7. h4 f6 8. h5 c6
9. d5 Qe7 10. b4 cxd5 11. Nxd5 Qd8 12. Qb3 Nf7 13. c5 dxc5 14. Ba3 b6 15. Rd1
O-O 16. hxg6 hxg6 17. Nh4 Re8 18. Nxg6 Bh6 19. Qg3 Kh7 20. Bg4 Nf8 21. Nde7
Qxe7 22. Nxe7 Rxe7 23. bxc5 1-0

[Event "XII Festival Magistrale"]
[Site "Porto San Giorgio ITA"]
[Date "2000.08.23"]
[Round "4"]
[White "Foisor, Cristina-Adela"]
[Black "Trent, Lawrence"]
[Result "1-0"]
[WhiteElo "2386"]
[BlackElo "2210"]
[PlyCount "65"]
[EventDate "2000.08.20"]

1. Nf3 Nf6 2. g3 d5 3. Bg2 Bf5 4. d3 e6 5. O-O Be7 6. Nfd2 O-O 7. e4 Bg6 8. Nc3
c5 9. h3 h6 10. f4 Nc6 11. g4 c4 12. f5 Bh7 13. exd5 Bc5+ 14. Kh1 exd5 15. dxc4
Ne5 16. Nxd5 Nxd5 17. cxd5 h5 18. Ne4 Bb6 19. gxh5 Qd7 20. Ng3 Rfe8 21. b3 Rac8
22. Bb2 Qd8 23. c4 Nd3 24. Qxd3 Re3 25. Qd2 Rxg3 26. Bd4 Bc7 27. c5 b6 28. d6
bxc5 29. dxc7 Qxd4 30. Rad1 Kf8 31. Qc2 Qf6 32. Qxc5+ Kg8 33. Qd6 1-0

[Event "XII Festival Magistrale"]
[Site "Porto San Giorgio ITA"]
[Date "2000.08.23"]
[Round "4"]
[White "Glek, Igor V."]
[Black "Chatalbashev, Boris"]
[Result "1-0"]
[WhiteElo "2553"]
[BlackElo "2494"]
[PlyCount "119"]
[EventDate "2000.08.20"]

1. e4 g6 2. d4 Bg7 3. Nf3 d6 4. c3 Nf6 5. Bd3 O-O 6. O-O Nc6 7. Na3 e5 8. h3
exd4 9. cxd4 Nb4 10. Bb1 d5 11. exd5 Re8 12. Nc4 Nfxd5 13. Nce5 f6 14. a3 fxe5
15. axb4 exd4 16. b5 c6 17. bxc6 bxc6 18. Nxd4 Qb6 19. Ra4 Ba6 20. Bd3 Bxd3 21.
Qxd3 Kh8 22. Nf3 Qb5 23. Qa3 a5 24. Rh4 Re7 25. b3 Rae8 26. Bd2 Nc3 27. Bxc3
Bxc3 28. Rc1 Bg7 29. Ra4 Re2 30. Rxa5 Qb8 31. Qc5 Qxb3 32. Qxc6 Qe6 33. Qxe6
R2xe6 34. Ra7 Bf6 35. g3 R6e7 36. Rxe7 Rxe7 37. Rc2 h5 38. Kg2 Kg7 39. h4 Kf7
40. Nd2 Bd4 41. Kf3 Ke6 42. Ne4 Kd5 43. Ng5 Rb7 44. Nh3 Be5 45. Nf4+ Bxf4 46.
Kxf4 Rb5 47. Kg5 Ke4+ 48. Kxg6 Kf3 49. Kh6 Ra5 50. Rc6 Kxf2 51. Rg6 Kf3 52. Rg5
Ra6+ 53. Kxh5 Rb6 54. Rg6 Rb8 55. Kh6 Ra8 56. Kh7 Ra5 57. g4 Ra7+ 58. Kh6 Kg3
59. h5 Kh4 60. Rg7 1-0

[Event "XII Festival Magistrale"]
[Site "Porto San Giorgio ITA"]
[Date "2000.08.23"]
[Round "4"]
[White "Gorbatov, Alexej"]
[Black "Foisor, Ovidiu-Doru"]
[Result "0-1"]
[WhiteElo "2411"]
[BlackElo "2404"]
[PlyCount "56"]
[EventDate "2000.08.20"]

1. c4 Nf6 2. Nc3 c5 3. e4 Nc6 4. g3 g6 5. Bg2 Bg7 6. Nge2 a6 7. a3 b5 8. d4
bxc4 9. e5 Ng4 10. f4 cxd4 11. Nxd4 Qb6 12. Qxg4 Nxd4 13. Nd5 Nc2+ 14. Ke2 Qc5
15. Rd1 Rb8 16. Rb1 d6 17. Qh4 dxe5 18. fxe5 Bf5 19. Be4 Bxe5 20. Bxf5 gxf5 21.
Bf4 Rd8 22. Bxe5 Rxd5 23. Rxd5 Qxd5 24. Bxh8 Qg2+ 25. Kd1 Ne3+ 26. Ke1 Qf1+ 27.
Kd2 Qd3+ 28. Ke1 Ng2+ 0-1

[Event "XII Festival Magistrale"]
[Site "Porto San Giorgio ITA"]
[Date "2000.08.23"]
[Round "4"]
[White "Iordachescu, Viorel"]
[Black "Iotti, Pierluigi"]
[Result "1-0"]
[WhiteElo "2594"]
[BlackElo "2294"]
[PlyCount "113"]
[EventDate "2000.08.20"]

1. e4 e6 2. d4 d5 3. Nc3 Bb4 4. e5 c5 5. a3 Bxc3+ 6. bxc3 Qc7 7. Nf3 b6 8. Bb5+
Bd7 9. Bd3 Ba4 10. O-O c4 11. Be2 Nd7 12. Bf4 Ne7 13. h4 O-O-O 14. Ng5 Rdf8 15.
Bh5 g6 16. Bg4 h6 17. Nh3 Rfg8 18. Qd2 h5 19. Bf3 Nf8 20. g3 Qd7 21. Rfb1 Nf5
22. Rb4 Nh7 23. Rab1 Qc6 24. Ng5 Nxg5 25. Bxg5 Re8 26. Bf6 Rhg8 27. Kh2 Kd7 28.
Bg2 b5 29. f3 a5 30. R4b2 Rb8 31. g4 hxg4 32. fxg4 Ne7 33. Rf1 Qc8 34. Rf4 Qf8
35. Qf2 Ke8 36. Rb1 Rb7 37. Rf1 Nc6 38. Bg5 Qg7 39. Rf6 Nd8 40. Qe2 Rd7 41.
R1f2 Rh8 42. Qf1 Rh7 43. R6f3 Qf8 44. Qc1 Nc6 45. Rh3 Qh8 46. Bf6 Qg8 47. h5
gxh5 48. gxh5 Ne7 49. Bf3 Nf5 50. Rg2 Qf8 51. Qg1 Ne7 52. Bg7 Qg8 53. h6 Ng6
54. Rxg6 fxg6 55. Qxg6+ Rf7 56. Qxe6+ Kd8 57. Qxd5+ 1-0

[Event "XII Festival Magistrale"]
[Site "Porto San Giorgio ITA"]
[Date "2000.08.23"]
[Round "4"]
[White "Miezis, Normunds"]
[Black "Palac, Mladen"]
[Result "1-0"]
[WhiteElo "2518"]
[BlackElo "2573"]
[PlyCount "85"]
[EventDate "2000.08.20"]

1. c4 Nf6 2. Nc3 d5 3. cxd5 Nxd5 4. g3 e5 5. Bg2 Nb6 6. Nf3 Nc6 7. Rb1 Be6 8.
O-O Be7 9. b4 f6 10. b5 Nb4 11. a3 Na2 12. Nxa2 Bxa2 13. Ra1 Be6 14. Qc2 Bc4
15. d4 exd4 16. Rd1 d3 17. exd3 Bxb5 18. a4 Ba6 19. Nh4 Qd7 20. d4 g6 21. d5 f5
22. Nf3 O-O 23. a5 Nc4 24. Ra4 Nd6 25. Ne5 Qd8 26. Bb2 Bf6 27. f4 Re8 28. Rb4
Qe7 29. g4 fxg4 30. Nxg4 Bg7 31. Ne5 Rf8 32. Bh3 Nf5 33. Rb3 Qh4 34. Rf3 Rad8
35. Qxc7 Qf6 36. Qc2 Rc8 37. Qe4 Rfd8 38. Ba1 Qd6 39. Bxf5 gxf5 40. Qxf5 Be2
41. Rh3 Bxd1 42. Qf7+ Kh8 43. Ng6+ 1-0

[Event "XII Festival Magistrale"]
[Site "Porto San Giorgio ITA"]
[Date "2000.08.23"]
[Round "4"]
[White "Mosconi, Tiziano"]
[Black "Kuipers, Eelco"]
[Result "1-0"]
[WhiteElo "2111"]
[BlackElo "2271"]
[PlyCount "114"]
[EventDate "2000.08.20"]

1. e4 c5 2. Nf3 e6 3. b3 d6 4. Bb2 Nc6 5. Bb5 Bd7 6. O-O Nf6 7. Re1 Be7 8. Na3
O-O 9. Nc4 Ne8 10. d4 cxd4 11. Bxc6 bxc6 12. Bxd4 e5 13. Bb2 f5 14. exf5 Bxf5
15. Ne3 Bg6 16. Qe2 Qc8 17. Nd2 Nf6 18. c4 Qc7 19. Rac1 Rf7 20. Nef1 Nh5 21. g3
Raf8 22. c5 Qd7 23. f3 dxc5 24. Bxe5 Nf6 25. f4 Bd3 26. Qd1 Qh3 27. Nf3 Bxf1
28. Rxf1 Nd5 29. Nd2 Ne3 30. Qe2 Nxf1 31. Rxf1 Bf6 32. Bxf6 Rxf6 33. Ne4 R6f7
34. Ng5 Qd7 35. Nxf7 Qxf7 36. Re1 Rd8 37. Qe6 Qxe6 38. Rxe6 Rd1+ 39. Kf2 Rd2+
40. Re2 Rd5 41. Ke3 Kf7 42. Rd2 Ke6 43. g4 g6 44. Rd3 h6 45. Ke4 h5 46. h3 h4
47. Ke3 Kd6 48. Kd2 Rd4 49. Rxd4+ cxd4 50. b4 c5 51. b5 c4 52. a4 c3+ 53. Kc1
d3 54. a5 Kc5 55. b6 axb6 56. a6 d2+ 57. Kc2 Kc6 1-0

[Event "XII Festival Magistrale"]
[Site "Porto San Giorgio ITA"]
[Date "2000.08.23"]
[Round "4"]
[White "Mrdja, Milan"]
[Black "Rausis, Igors"]
[Result "1-0"]
[WhiteElo "2431"]
[BlackElo "2551"]
[PlyCount "81"]
[EventDate "2000.08.20"]

1. e4 c6 2. d4 d5 3. Nd2 dxe4 4. Nxe4 Bf5 5. Ng3 Bg6 6. Nf3 Nf6 7. h4 h6 8. Ne5
Bh7 9. Bc4 e6 10. Qe2 Nd5 11. c3 Nd7 12. Bd3 Bxd3 13. Nxd3 Qc7 14. Bd2 O-O-O
15. b4 N7b6 16. O-O g5 17. h5 Nc4 18. a4 Nxd2 19. Qxd2 Nf4 20. Rfe1 Bd6 21.
Nxf4 Bxf4 22. Qd3 Bxg3 23. fxg3 Kb8 24. Qe3 Rd5 25. g4 Rhd8 26. Rac1 a5 27.
bxa5 Qxa5 28. Qf3 e5 29. Rxe5 Rxe5 30. dxe5 Qxe5 31. Rf1 Rd7 32. Qf6 Qe3+ 33.
Kh2 Qe2 34. Qf3 Qe5+ 35. Qg3 Qxg3+ 36. Kxg3 Rd3+ 37. Rf3 Rxf3+ 38. Kxf3 Kc7 39.
Ke4 Kd6 40. Kf5 Ke7 41. a5 1-0

[Event "XII Festival Magistrale"]
[Site "Porto San Giorgio ITA"]
[Date "2000.08.23"]
[Round "4"]
[White "Passoni, Carlo"]
[Black "Maier, Christian"]
[Result "0-1"]
[WhiteElo "2240"]
[BlackElo "2351"]
[PlyCount "62"]
[EventDate "2000.08.20"]

1. e4 e6 2. d4 d5 3. Nd2 Nf6 4. e5 Nfd7 5. Bd3 c5 6. c3 Nc6 7. Ngf3 Be7 8. O-O
a5 9. Re1 cxd4 10. cxd4 a4 11. Nb1 Nb6 12. Nc3 Bd7 13. Nb5 Nb4 14. Nd6+ Bxd6
15. exd6 Nxd3 16. Qxd3 Nc4 17. Bf4 Bb5 18. Qf5 O-O 19. Qh3 Nxd6 20. Bg5 Qb6 21.
Be7 Rfe8 22. Bxd6 Qxd6 23. Re3 Rac8 24. Rae1 Qb4 25. Qh5 Re7 26. h4 Qxb2 27.
Qg5 Rec7 28. Kh2 Qxf2 29. Qg4 Rc2 30. Re5 h6 31. h5 Be2 0-1

[Event "XII Festival Magistrale"]
[Site "Porto San Giorgio ITA"]
[Date "2000.08.23"]
[Round "4"]
[White "Vianello, Enrico"]
[Black "Nannelli, Paolo"]
[Result "1/2-1/2"]
[WhiteElo "1915"]
[BlackElo "2217"]
[PlyCount "26"]
[EventDate "2000.08.20"]

1. d4 g6 2. Nf3 Bg7 3. Bg5 d6 4. e4 c6 5. c3 Qb6 6. Qd2 Nf6 7. Bd3 Bg4 8. Na3
Bxf3 9. gxf3 h6 10. Be3 Qc7 11. f4 Ng4 12. Nc2 e5 13. O-O-O Nxe3 1/2-1/2

[Event "XII Festival Magistrale"]
[Site "Porto San Giorgio ITA"]
[Date "2000.08.24"]
[Round "5"]
[White "Agrest, Evgenij"]
[Black "Razuvaev, Yuri S."]
[Result "1/2-1/2"]
[WhiteElo "2554"]
[BlackElo "2555"]
[PlyCount "56"]
[EventDate "2000.08.20"]

1. d4 Nf6 2. c4 e6 3. Nc3 Bb4 4. Qc2 O-O 5. a3 Bxc3+ 6. Qxc3 b6 7. Bg5 Bb7 8.
e3 d6 9. f3 Nbd7 10. Nh3 c5 11. dxc5 bxc5 12. Be2 Qb6 13. O-O d5 14. Rfd1 a5
15. Rd2 h6 16. Bh4 Rfc8 17. Bf2 a4 18. Rad1 Bc6 19. Qc1 Rab8 20. Nf4 Ne5 21.
cxd5 exd5 22. Rc2 Ned7 23. Bf1 Qb7 24. Bg3 Ra8 25. Be1 Qb6 26. Bc3 Bb7 27. Qd2
Re8 28. Qf2 Re7 1/2-1/2

[Event "XII Festival Magistrale"]
[Site "Porto San Giorgio ITA"]
[Date "2000.08.24"]
[Round "5"]
[White "Borgiani, Flavio"]
[Black "Gorbatov, Alexej"]
[Result "0-1"]
[WhiteElo "2222"]
[BlackElo "2411"]
[PlyCount "116"]
[EventDate "2000.08.20"]

1. b3 e5 2. Bb2 Nc6 3. c4 Nf6 4. e3 g6 5. Nf3 d6 6. d4 Bg7 7. d5 Ne7 8. Nc3 O-O
9. Be2 h6 10. O-O Nh7 11. b4 f5 12. c5 g5 13. e4 h5 14. exf5 Nxf5 15. cxd6 cxd6
16. Ne4 g4 17. Nfd2 Bh6 18. Rc1 Bd7 19. Rc3 b5 20. h3 gxh3 21. Rxh3 Ng7 22. Rh1
Bxd2 23. Qxd2 Be8 24. Qh6 Rf4 25. Ng3 Qf6 26. Qxf6 Nxf6 27. Bf3 h4 28. Ne2 Rxb4
29. Bc1 e4 30. Rxh4 exf3 31. Rxb4 fxe2 32. Re1 Rc8 33. Rb2 Nxd5 34. Rbxe2 b4
35. Bb2 Bf7 36. Rd2 Nf5 37. Re4 a5 38. Kf1 Kf8 39. g4 Nfe7 40. f4 Nc3 41. Red4
Bc4+ 42. Ke1 d5 43. Rh2 Re8 44. Bxc3 bxc3 45. Rh8+ Ng8+ 46. Kd1 Bxa2 47. Kc2
Rc8 48. Rh1 Rc5 49. Ra4 Bc4 50. Rha1 Bb5 51. Rxa5 d4 52. Ra8+ Kf7 53. R8a7+ Ne7
54. Re1 d3+ 55. Kd1 Kf6 56. g5+ Kf5 57. Re5+ Rxe5 58. fxe5 Nd5 0-1

[Event "XII Festival Magistrale"]
[Site "Porto San Giorgio ITA"]
[Date "2000.08.24"]
[Round "5"]
[White "Chatalbashev, Boris"]
[Black "Bratanov, Zsivko"]
[Result "1-0"]
[WhiteElo "2494"]
[BlackElo "2400"]
[PlyCount "81"]
[EventDate "2000.08.20"]

1. d4 Nf6 2. Nf3 g6 3. Nc3 d5 4. Bf4 c6 5. e3 Qb6 6. Na4 Qa5+ 7. c3 Bg7 8. Nc5
Qd8 9. Be2 O-O 10. h4 b6 11. Nd3 Bg4 12. Nfe5 Bxe2 13. Qxe2 Qc8 14. O-O-O c5
15. h5 c4 16. hxg6 fxg6 17. Nb4 a5 18. Nc2 Nc6 19. Na3 Na7 20. g4 b5 21. f3 e6
22. Rh3 Rb8 23. Rdh1 Qe8 24. Qh2 h5 25. Nxg6 Qxg6 26. Bxb8 hxg4 27. fxg4 Nxg4
28. Rh8+ Bxh8 29. Qxh8+ Kf7 30. Rf1+ Nf6 31. Qh2 Nc6 32. Be5 Ke8 33. Nxb5 Qd3
34. Qh3 Nxe5 35. dxe5 Ne4 36. Nc7+ Ke7 37. Rxf8 Kxf8 38. Qh8+ Kf7 39. Qe8+ Kg7
40. Nxe6+ Kh7 41. Qf7+ 1-0

[Event "XII Festival Magistrale"]
[Site "Porto San Giorgio ITA"]
[Date "2000.08.24"]
[Round "5"]
[White "De Santis, Alessio"]
[Black "Rago, Riccardo"]
[Result "1/2-1/2"]
[WhiteElo "2309"]
[BlackElo "2209"]
[PlyCount "42"]
[EventDate "2000.08.20"]

1. d4 e6 2. c4 d5 3. Nc3 Nf6 4. cxd5 exd5 5. Bg5 Be7 6. e3 c6 7. Qc2 Nbd7 8.
Bd3 O-O 9. Nge2 Re8 10. O-O Nf8 11. f3 h6 12. Bh4 Ne6 13. Rad1 Nh5 14. Bf2 Ng5
15. e4 dxe4 16. fxe4 Bg4 17. h3 Bxh3 18. gxh3 Qd7 19. e5 Qxh3 20. Be4 Qg4+ 21.
Kh2 Qh3+ 1/2-1/2

[Event "XII Festival Magistrale"]
[Site "Porto San Giorgio ITA"]
[Date "2000.08.24"]
[Round "5"]
[White "Foisor, Ovidiu-Doru"]
[Black "Iordachescu, Viorel"]
[Result "1/2-1/2"]
[WhiteElo "2404"]
[BlackElo "2594"]
[PlyCount "129"]
[EventDate "2000.08.20"]

1. c4 e6 2. g3 d5 3. Bg2 g6 4. Nf3 Bg7 5. O-O Ne7 6. d4 O-O 7. Nc3 Nbc6 8. e3
a5 9. Qe2 b6 10. Rd1 Ba6 11. b3 Re8 12. Bb2 Qb8 13. Rac1 Qb7 14. Nb5 Rad8 15.
Ne5 Nxe5 16. dxe5 Bxb5 17. cxb5 c5 18. bxc6 Nxc6 19. f4 Bf8 20. Bf1 Bc5 21. Bd4
Nxd4 22. exd4 Ba3 23. Rc2 Rc8 24. Rdd2 Bb4 25. Rxc8 Rxc8 26. Rc2 Bc3 27. Qe3
Ba1 28. Bd3 Rxc2 29. Bxc2 b5 30. Kg2 Qb6 31. Bd3 Bxd4 32. Qe2 b4 33. Qc2 Kg7
34. h4 Be3 35. Bf1 Qd4 36. Bd3 Qa1 37. Qb1 Qc3 38. Kf3 Bb6 39. Qd1 Qd4 40. Qd2
Qg1 41. Qe2 Bc5 42. Bb5 h6 43. Qd2 Qh1+ 44. Qg2 Qc1 45. Kg4 Qe1 46. Qf1 Qe4 47.
Bd3 Qe3 48. Bb5 Bd4 49. Qg2 Bc3 50. Qe2 Qg1 51. Kf3 g5 52. hxg5 hxg5 53. Qf1
Qh2 54. Kg4 gxf4 55. gxf4 Qxa2 56. Qg1 Qa1 57. Qxa1 Bxa1 58. Kf3 Bb2 59. Ke3
Bc1+ 60. Kf3 f6 61. exf6+ Kxf6 62. Bd3 Ke7 63. Bb5 Kd6 64. Ba4 Bb2 65. Ke3
1/2-1/2

[Event "XII Festival Magistrale"]
[Site "Porto San Giorgio ITA"]
[Date "2000.08.24"]
[Round "5"]
[White "Glek, Igor V."]
[Black "Miezis, Normunds"]
[Result "1/2-1/2"]
[WhiteElo "2553"]
[BlackElo "2518"]
[PlyCount "59"]
[EventDate "2000.08.20"]

1. e4 c5 2. Nf3 e6 3. Nc3 a6 4. g3 Nc6 5. Bg2 g5 6. d3 h6 7. Be3 d6 8. h4 g4 9.
Nh2 h5 10. f3 gxf3 11. Bxf3 Nf6 12. O-O Bh6 13. Bxh6 Rxh6 14. Kh1 Bd7 15. Qd2
Rg6 16. Ne2 Ne5 17. Bg2 Qe7 18. b4 Bc6 19. bxc5 dxc5 20. Qc3 Nfd7 21. Nf3 Qd6
22. Ng5 Rh6 23. Rad1 Qe7 24. d4 cxd4 25. Nxd4 Qc5 26. Qd2 Rg6 27. Qe2 Rh6 28.
Qd2 Rg6 29. Qe2 Rh6 30. Qd2 1/2-1/2

[Event "XII Festival Magistrale"]
[Site "Porto San Giorgio ITA"]
[Date "2000.08.24"]
[Round "5"]
[White "Iafelice, Vincenzo"]
[Black "Tomescu, Vlad"]
[Result "0-1"]
[WhiteElo "1903"]
[BlackElo "2432"]
[PlyCount "84"]
[EventDate "2000.08.20"]

1. e4 Nc6 2. d4 d5 3. e5 Bf5 4. Nf3 e6 5. c3 f6 6. Bd3 Nge7 7. O-O Bxd3 8. Qxd3
Ng6 9. Re1 fxe5 10. Nxe5 Ncxe5 11. dxe5 Qd7 12. Bg5 Bc5 13. Nd2 O-O 14. Nf3 Nf4
15. Bxf4 Rxf4 16. g3 Rf5 17. Nd4 Rf7 18. f4 Bb6 19. b4 Raf8 20. Rf1 Qe7 21. Kg2
Bxd4 22. Qxd4 c5 23. Qxc5 Qxc5 24. bxc5 Rc8 25. Rab1 Rxc5 26. Rb3 b6 27. Rf3
Ra5 28. Rf2 Rc7 29. Kf1 Rc4 30. Ke1 Kf7 31. Kd1 h5 32. Rd2 Kg6 33. Kc1 Kf5 34.
Kb2 Raa4 35. a3 h4 36. Rb4 Raxb4+ 37. axb4 a5 38. bxa5 bxa5 39. Rd4 Rxd4 40.
cxd4 hxg3 41. hxg3 Ke4 42. Kc3 g6 0-1

[Event "XII Festival Magistrale"]
[Site "Porto San Giorgio ITA"]
[Date "2000.08.24"]
[Round "5"]
[White "Isonzo, David"]
[Black "Zlochevskij, Alexander"]
[Result "1/2-1/2"]
[WhiteElo "2250"]
[BlackElo "2450"]
[PlyCount "28"]
[EventDate "2000.08.20"]

1. e4 d5 2. exd5 Nf6 3. d4 Nxd5 4. Nf3 Bg4 5. c4 Nb6 6. c5 N6d7 7. Bc4 e6 8. h3
Bh5 9. Nc3 Be7 10. Be3 Nc6 11. Qe2 Na5 12. g4 Nxc4 13. Qxc4 Bg6 14. O-O-O c6
1/2-1/2

[Event "XII Festival Magistrale"]
[Site "Porto San Giorgio ITA"]
[Date "2000.08.24"]
[Round "5"]
[White "Lava, Giovanni"]
[Black "Foisor, Cristina-Adela"]
[Result "1/2-1/2"]
[WhiteElo "2211"]
[BlackElo "2386"]
[PlyCount "160"]
[EventDate "2000.08.20"]

1. d4 g6 2. g3 Bg7 3. Bg2 d6 4. e4 c6 5. Ne2 Nf6 6. h3 O-O 7. a4 a5 8. Nbc3 Na6
9. O-O e5 10. Be3 Be6 11. Qd2 Nb4 12. Rad1 Bc4 13. Rfe1 Qc7 14. f4 Rfe8 15. g4
Bxe2 16. Rxe2 Rad8 17. Qe1 exd4 18. Bxd4 d5 19. e5 Nd7 20. g5 b6 21. h4 Nc5 22.
Bf2 Ne6 23. Bg3 Bf8 24. Red2 Ng7 25. Bh3 Bc5+ 26. Kh2 Qe7 27. Qe2 Ra8 28. Qf3
Na6 29. Ne2 Nc7 30. Bf2 Nce6 31. Ng3 Bxf2 32. Rxf2 Qb4 33. b3 Ra7 34. Bg4 Nc5
35. h5 Nge6 36. Ne2 Rc7 37. Qc3 Qxc3 38. Nxc3 d4 39. Bxe6 dxc3 40. Bc4 Rb8 41.
hxg6 hxg6 42. Rh1 b5 43. Kg1 bxc4 44. Rfh2 Kf8 45. Rh8+ Ke7 46. Rxb8 cxb3 47.
Rh3 Rd7 48. Rxc3 Rd1+ 49. Kg2 Rd2+ 50. Kh3 Ne6 51. Rb7+ Kf8 52. Rbxb3 Nxf4+ 53.
Kg4 Rd4 54. Rxc6 Ne6+ 55. Kg3 Nxg5 56. c4 Ne4+ 57. Kg2 g5 58. Rb5 Nd2 59. Rxa5
Nxc4 60. Rac5 Rg4+ 61. Kf3 Rf4+ 62. Kg3 Nd2 63. Rc8+ Kg7 64. R5c7 Nf1+ 65. Kg2
Ne3+ 66. Kg1 Rf1+ 67. Kh2 Nd5 68. Rb7 Nf4 69. a5 Ra1 70. Rcc7 Rxa5 71. Rxf7+
Kg6 72. Rg7+ Kf5 73. Rbf7+ Kg4 74. Rxf4+ Kxf4 75. e6 Ra2+ 76. Kg1 Re2 77. e7
Kf5 78. Kf1 Re5 79. Kg2 Kf6 80. Rh7 Kg6 1/2-1/2

[Event "XII Festival Magistrale"]
[Site "Porto San Giorgio ITA"]
[Date "2000.08.24"]
[Round "5"]
[White "Maier, Christian"]
[Black "Grigore, George-Gabriel"]
[Result "1-0"]
[WhiteElo "2351"]
[BlackElo "2508"]
[PlyCount "119"]
[EventDate "2000.08.20"]

1. e4 c6 2. d4 d5 3. f3 g6 4. Be3 Qb6 5. Qc1 dxe4 6. fxe4 Nf6 7. Nd2 Ng4 8. Nc4
Qd8 9. Nf3 Bg7 10. c3 Nxe3 11. Qxe3 Nd7 12. Be2 b5 13. Ncd2 e5 14. O-O O-O 15.
Kh1 Qe7 16. a4 b4 17. a5 bxc3 18. bxc3 exd4 19. cxd4 c5 20. Qa3 Re8 21. Bc4
cxd4 22. Bxf7+ Qxf7 23. Ng5 Bf8 24. Qg3 Qe7 25. Qb3+ Kh8 26. Qd5 Ba6 27. Rf7
Nf6 28. Qxd4 Rad8 29. Qb2 Rxd2 30. Qxd2 Qe5 31. Rxh7+ Nxh7 32. Nf7+ Kg8 33.
Nxe5 Rxe5 34. Rb1 Nf6 35. Qd4 Re6 36. e5 Ne8 37. Rb8 Re7 38. h4 Kh7 39. Qa4
Rxe5 40. Rb1 Re7 41. Rd1 Ng7 42. Rd7 Re1+ 43. Kh2 Bc5 44. Qc6 Bg1+ 45. Kg3 Re3+
46. Kf4 Bd3 47. g4 Re4+ 48. Kf3 Bd4 49. Qxe4 Bxe4+ 50. Kxe4 Bf2 51. Ke5 Kg8 52.
Kf6 Bxh4+ 53. Kxg6 Ne6 54. Rxa7 Nf8+ 55. Kf5 Bf2 56. Rb7 Bc5 57. a6 Bg1 58. a7
Bxa7 59. Rxa7 Nh7 60. Rxh7 1-0

[Event "XII Festival Magistrale"]
[Site "Porto San Giorgio ITA"]
[Date "2000.08.24"]
[Round "5"]
[White "Managadze, Nikoloz"]
[Black "Faybish, Nimrod"]
[Result "1-0"]
[WhiteElo "2456"]
[BlackElo "2211"]
[PlyCount "95"]
[EventDate "2000.08.20"]

1. e4 c5 2. Nf3 d6 3. c3 Nf6 4. Qc2 Qc7 5. Bb5+ Bd7 6. Bxd7+ Nfxd7 7. O-O g6 8.
Na3 Bg7 9. Nc4 O-O 10. Ne3 e6 11. b3 Nf6 12. Bb2 d5 13. exd5 exd5 14. d4 cxd4
15. Nxd4 Nc6 16. Rad1 Rfd8 17. Rd2 Rd7 18. Rfd1 Rad8 19. Ne2 Ne7 20. Ba3 Nc8
21. Rd3 a5 22. b4 Nb6 23. bxa5 Nc4 24. Nxc4 dxc4 25. Rxd7 Rxd7 26. Bb4 Ng4 27.
g3 Qd8 28. Rxd7 Qxd7 29. h3 Ne5 30. Qe4 f5 31. Qe3 Qd3 32. Kg2 Qd5+ 33. f3 Qd3
34. Kf2 Qc2 35. Qb6 Nd3+ 36. Ke3 f4+ 37. gxf4 Nxb4 38. Qe6+ Kf8 39. Qc8+ Kf7
40. Qxc4+ Ke8 41. Qc8+ Kf7 42. Qxb7+ Kg8 43. cxb4 Qxa2 44. a6 Qe6+ 45. Kf2 Bf6
46. a7 Bh4+ 47. Kg1 Qe3+ 48. Kh1 1-0

[Event "XII Festival Magistrale"]
[Site "Porto San Giorgio ITA"]
[Date "2000.08.24"]
[Round "5"]
[White "Middelburg, Tom"]
[Black "Lazarev, Vladimir"]
[Result "1/2-1/2"]
[WhiteElo "2328"]
[BlackElo "2478"]
[PlyCount "79"]
[EventDate "2000.08.20"]

1. e4 c5 2. Nf3 Nc6 3. d4 cxd4 4. Nxd4 Qc7 5. Nc3 e6 6. g3 a6 7. Bg2 Nf6 8. O-O
Bc5 9. Nb3 Ba7 10. Qe2 d6 11. a4 Ne5 12. Kh1 Nc4 13. Nd2 Nxd2 14. Bxd2 Bd7 15.
Rad1 Bd4 16. g4 h6 17. h3 e5 18. Qd3 Rc8 19. Ne2 Bc5 20. a5 b5 21. axb6 Qxb6
22. Bc3 Bb5 23. Qf3 O-O 24. Rde1 Bd4 25. h4 Bxc3 26. bxc3 Nh7 27. Qg3 g5 28.
hxg5 hxg5 29. Qh3 Rfe8 30. Bf3 Nf8 31. Ng3 Bxf1 32. Rxf1 f6 33. Nf5 Rc7 34. Qh5
Qb8 35. Be2 d5 36. Nh6+ Kh8 37. Nf7+ Kg8 38. Nh6+ Kh8 39. Nf7+ Kg8 40. Nh6+
1/2-1/2

[Event "XII Festival Magistrale"]
[Site "Porto San Giorgio ITA"]
[Date "2000.08.24"]
[Round "5"]
[White "Nannelli, Paolo"]
[Black "Pegoraro, Nicola"]
[Result "1/2-1/2"]
[WhiteElo "2217"]
[BlackElo "2062"]
[PlyCount "70"]
[EventDate "2000.08.20"]

1. Nf3 Nf6 2. g3 g6 3. b4 c6 4. Na3 Bg7 5. Bb2 O-O 6. Rb1 d5 7. Bg2 Nbd7 8. c4
Re8 9. O-O a5 10. b5 cxb5 11. Nxb5 dxc4 12. Qc1 Nb6 13. Be5 Nfd5 14. e4 Bxe5
15. Nxe5 Nb4 16. a3 Na6 17. Qc3 a4 18. f4 Bd7 19. Nd4 Nc5 20. f5 Rf8 21. Ng4 f6
22. Ne3 Nb3 23. Ne2 Rc8 24. h4 Be8 25. Nd5 Bf7 26. fxg6 hxg6 27. Nef4 Nxd5 28.
exd5 Qb6+ 29. Kh1 Kg7 30. Bh3 Qd6 31. Be6 Nc5 32. Bxf7 Kxf7 33. Qxc4 Rg8 34.
Rfe1 g5 35. hxg5 Rxg5 1/2-1/2

[Event "XII Festival Magistrale"]
[Site "Porto San Giorgio ITA"]
[Date "2000.08.24"]
[Round "5"]
[White "Orlov, Andrey"]
[Black "Mosconi, Tiziano"]
[Result "1-0"]
[WhiteElo "2367"]
[BlackElo "2111"]
[PlyCount "81"]
[EventDate "2000.08.20"]

1. e4 e5 2. Nf3 Nc6 3. Bc4 Nf6 4. d3 Be7 5. O-O O-O 6. Re1 d6 7. c3 Na5 8. Bb5
a6 9. Ba4 c5 10. Nbd2 Qc7 11. Nf1 Nd7 12. Ne3 Nb6 13. Bc2 Nc6 14. b3 Be6 15.
Bb2 Rac8 16. d4 cxd4 17. cxd4 exd4 18. Nxd4 Bf6 19. Rc1 Rcd8 20. Nxc6 Bxb2 21.
Nxd8 Rxd8 22. Rb1 Bc3 23. Re2 Qc5 24. Qd3 g6 25. Rd1 Bf6 26. Bb1 d5 27. exd5
Nxd5 28. Nxd5 Rxd5 29. Qc2 Bf5 30. Rxd5 Qxd5 31. Qc1 Bg5 32. Qe1 Be6 33. Be4
Qd7 34. Bf3 Bf6 35. Qd2 Qc7 36. Qc2 Qe7 37. Bg4 Qd6 38. Bxe6 fxe6 39. Qc8+ Kf7
40. Qxb7+ Be7 41. Qe4 1-0